[Event "Manavgat Turkey Cup"]
[Site "Manavgat"]
[Date "2015.02.04"]
[Round "7"]
[White "Saba, Zafer Rabin"]
[Black "Gokerkan, Cem Kaan"]
[Result "0-1"]
[WhiteElo "1885"]
[BlackElo "2142"]
[PlyCount "132"]
[EventDate "2015.01.31"]
[EventType "swiss"]
[EventRounds "11"]
[EventCountry "TUR"]
[SourceTitle "CBM 164 Extra"]
[Source "ChessBase"]
[SourceDate "2015.03.02"]
[SourceVersion "1"]
[SourceVersionDate "2015.03.02"]
[SourceQuality "1"]

1. d4 Nf6 2. Nf3 g6 3. Nbd2 Bg7 4. e4 d6 5. Bd3 0-0 6. 0-0 c5 7. c3 b6 8. Re1 Bb7 9. d5 Na6 10. c4 Nc7 11. Nb1 e5 12. Nc3 Bc8 13. h3 Nfe8 14. a3 f5 15. b4 f4 16. Nd2 h5 17. Rb1 Rf7 18. bxc5 bxc5 19. Be2 Bf8 20. Nb3 Qg5 21. Kh2 Qh4 22. Kg1 Nf6 23. Nd2 Qg5 24. Nf3 Qh6 25. h4 Nh7 26. Kf1 Ne8 27. Qa4 Bd7 28. Qa6 Nef6 29. Qb7 Re8 30. Qxa7 Bg4 31. Rb7 Ree7 32. Rxe7 Rxe7 33. Qa4 Rg7 34. Bd2 g5 35. hxg5 Nxg5 36. Qd1 Ngxe4 37. Nxe4 Nxe4 38. Ba5 Be7 39. Nh2 Nf6 40. Bc3 Bd7 41. Bf3 h4 42. Qd3 Qg5 43. Qb1 Bf5 44. Qb8+ Kh7 45. Bxe5 Bd3+ 46. Kg1 dxe5 47. Rxe5 Nd7 48. Rxg5 Nxb8 49. Rh5+ Kg6 50. d6 Bg5 51. Rh8 Nd7 52. Bd5 Nf6 53. Be6 Bf5 54. Bxf5+ Kxf5 55. Rc8 Nd7 56. Nf3 Bf6 57. a4 Ke6 58. Rc6 h3 59. a5 Rxg2+ 60. Kf1 Rg8 61. a6 Ne5 62. Nxe5 h2 63. d7+ Kxe5 64. Rxc5+ Kd4 65. Rh5 Rg1+ 66. Ke2 h1Q 0-1

[Event "Manavgat Turkey Cup"]
[Site "Manavgat"]
[Date "2015.02.03"]
[Round "5"]
[White "Saba, Zafer Rabin"]
[Black "Kaplan, Cem Azad"]
[Result "1-0"]
[WhiteElo "1885"]
[BlackElo "1726"]
[PlyCount "73"]
[EventDate "2015.01.31"]
[EventType "swiss"]
[EventRounds "11"]
[EventCountry "TUR"]
[SourceTitle "CBM 164 Extra"]
[Source "ChessBase"]
[SourceDate "2015.03.02"]
[SourceVersion "1"]
[SourceVersionDate "2015.03.02"]
[SourceQuality "1"]

1. d4 d5 2. c4 Nf6 3. cxd5 Nxd5 4. e4 Nf6 5. Nc3 e6 6. Nf3 Be7 7. Bd3 Nc6 8. a3 a6 9. 0-0 0-0 10. Bc2 Re8 11. Bf4 Nh5 12. Be3 g6 13. Qd2 Na5 14. Qe2 b5 15. Rfd1 Nc4 16. Bc1 Bb7 17. Bb3 Nb6 18. Bh6 Nd7 19. e5 Nb6 20. Ne4 Nd5 21. g3 Bf8 22. Bg5 Be7 23. h4 Bxg5 24. hxg5 Kg7 25. Nf6 Nhxf6 26. gxf6+ Kh8 27. Kg2 h5 28. Rh1 Kh7 29. Qd2 Rh8 30. Rxh5+ gxh5 31. Qg5 Nf4+ 32. Qxf4 Rg8 33. Rh1 Rg6 34. Rxh5+ Kg8 35. Qh4 Kf8 36. Rh8+ Rg8 37. Qh6+ 1-0

[Event "Manavgat Turkey Cup"]
[Site "Manavgat"]
[Date "2015.02.03"]
[Round "6"]
[White "Soysal, Serkan"]
[Black "Saba, Zafer Rabin"]
[Result "1/2-1/2"]
[WhiteElo "2339"]
[BlackElo "1885"]
[PlyCount "57"]
[EventDate "2015.01.31"]
[EventType "swiss"]
[EventRounds "11"]
[EventCountry "TUR"]
[SourceTitle "CBM 164 Extra"]
[Source "ChessBase"]
[SourceDate "2015.03.02"]
[SourceVersion "1"]
[SourceVersionDate "2015.03.02"]
[SourceQuality "1"]

1. d4 Nf6 2. c4 g6 3. Nc3 d5 4. cxd5 Nxd5 5. Na4 Bg7 6. e4 Nb6 7. Be3 0-0 8. Nf3 N8d7 9. Nc3 e5 10. d5 f5 11. d6 cxd6 12. Qxd6 Nf6 13. 0-0-0 Qxd6 14. Rxd6 Nxe4 15. Nxe4 fxe4 16. Nd2 Kh8 17. Nc4 Nxc4 18. Bxc4 Bf5 19. Kb1 Rfd8 20. Rxd8+ Rxd8 21. h3 b6 22. Rc1 Rc8 23. g4 Bd7 24. Rd1 Bc6 25. Ba6 Rf8 26. Rc1 Bd5 27. Rd1 Bc6 28. Rc1 Bd5 29. Rd1 1/2-1/2

[Event "Manavgat Turkey Cup"]
[Site "Manavgat"]
[Date "2015.02.01"]
[Round "2"]
[White "Aslanhan, Halis"]
[Black "Saba, Zafer Rabin"]
[Result "0-1"]
[WhiteElo "1796"]
[BlackElo "1885"]
[PlyCount "64"]
[EventDate "2015.01.31"]
[EventType "swiss"]
[EventRounds "11"]
[EventCountry "TUR"]
[SourceTitle "CBM 164 Extra"]
[Source "ChessBase"]
[SourceDate "2015.03.02"]
[SourceVersion "1"]
[SourceVersionDate "2015.03.02"]
[SourceQuality "1"]

1. e4 d6 2. d4 Nf6 3. Nc3 g6 4. Bg5 c6 5. Qd2 Nbd7 6. f4 Qa5 7. Nf3 b5 8. Bd3 Bg7 9. 0-0 0-0 10. e5 b4 11. Ne4 Nxe4 12. Bxe4 d5 13. Bd3 f6 14. Bh4 c5 15. e6 Nb8 16. dxc5 Qxc5+ 17. Bf2 Qd6 18. f5 gxf5 19. Bxf5 Bxe6 20. Bxe6+ Qxe6 21. Qxb4 Nc6 22. Qc5 Rac8 23. Rad1 Rfd8 24. Rfe1 Qf5 25. Nh4 Qg5 26. c3 Kf7 27. Nf3 Qh5 28. Rd2 Bh6 29. Rde2 e5 30. Qb5 Rc7 31. Rd1 Ne7 32. Rde1 Bf4 0-1

[Event "Kemer Turkey Cup"]
[Site "Kemer"]
[Date "2014.02.04"]
[Round "5"]
[White "Saba, Zafer Rabin"]
[Black "Alaslar, Devrim"]
[Result "1/2-1/2"]
[WhiteElo "1887"]
[BlackElo "2114"]
[PlyCount "60"]
[EventDate "2014.02.01"]
[EventType "swiss"]
[EventRounds "9"]
[EventCountry "TUR"]
[SourceTitle "CBM 158 Extra"]
[Source "ChessBase"]
[SourceDate "2014.02.28"]
[SourceVersion "1"]
[SourceVersionDate "2014.02.28"]
[SourceQuality "1"]

1. d4 d5 2. c4 e6 3. Nf3 c5 4. cxd5 exd5 5. g3 Nc6 6. Nc3 Nf6 7. Bg2 Be7 8. 0-0 0-0 9. Bg5 c4 10. Ne5 Be6 11. Nxc6 bxc6 12. b3 Qa5 13. Qc2 Rfd8 14. Na4 Rab8 15. Rfd1 cxb3 16. axb3 Qb5 17. Bxf6 Bxf6 18. Nc5 a5 19. e3 g6 20. Bf1 Qb6 21. Qc3 Ra8 22. Ra4 Ra7 23. Rda1 Rda8 24. Bd3 Bd8 25. Kg2 Bc8 26. h4 Qc7 27. h5 Qe7 28. hxg6 hxg6 29. Rh1 Qf6 30. Be2 Bf5 1/2-1/2

[Event "Troya op 21st"]
[Site "Canakkale"]
[Date "2013.08.18"]
[Round "2"]
[White "Saba, Zafer Rabin"]
[Black "Rahmanov, Shahriyar Teymur Og"]
[Result "0-1"]
[WhiteElo "1860"]
[BlackElo "2258"]
[PlyCount "62"]
[EventDate "2013.08.17"]
[EventType "swiss"]
[EventRounds "9"]
[EventCountry "TUR"]
[SourceTitle "CBM 156 Extra"]
[Source "ChessBase"]
[SourceDate "2013.10.22"]
[SourceVersion "1"]
[SourceVersionDate "2013.10.22"]
[SourceQuality "1"]

1. d4 g6 2. e4 Bg7 3. Nc3 c5 4. d5 d6 5. f4 e6 6. Bb5+ Bd7 7. Bc4 a6 8. a4 exd5 9. Qxd5 Be6 10. Qxb7 Bxc4 11. Qxa8 Ne7 12. e5 0-0 13. Qe4 d5 14. Qf3 d4 15. Ne4 Nbc6 16. Bd2 Bd5 17. Nh3 Qb6 18. b3 c4 19. a5 Qa7 20. bxc4 Bxc4 21. Nd6 Bd5 22. Qf2 f6 23. exf6 Rxf6 24. Ne8 Re6+ 25. Kd1 Nf5 26. Nxg7 Kxg7 27. Ng5 Re8 28. Nf3 Ne3+ 29. Bxe3 dxe3 30. Qe2 Bxf3 31. gxf3 Qd4+ 0-1

[Event "TUR-chT"]
[Site "Denizli"]
[Date "2013.07.09"]
[Round "12.9"]
[White "Saba, Zafer Rabin"]
[Black "Ozer, Omer Faruk"]
[Result "0-1"]
[WhiteElo "1846"]
[BlackElo "1871"]
[PlyCount "86"]
[EventDate "2013.06.29"]
[EventType "team-tourn"]
[EventRounds "13"]
[EventCountry "TUR"]
[SourceTitle "CBM 155 Extra"]
[Source "ChessBase"]
[SourceDate "2013.08.26"]
[SourceVersion "1"]
[SourceVersionDate "2013.08.26"]
[SourceQuality "1"]
[WhiteTeam "Pera Spor"]
[BlackTeam "Akdeniz Belediyesi"]
[WhiteTeamCountry "TUR"]
[BlackTeamCountry "TUR"]

1. d4 Nf6 2. Nf3 g6 3. Nbd2 d5 4. e3 Bg7 5. b4 a5 6. b5 c5 7. bxc6 bxc6 8. Be2 0-0 9. 0-0 c5 10. c4 Nc6 11. Nb3 Ne4 12. Ba3 cxd4 13. Nbxd4 Nxd4 14. Nxd4 Nc3 15. Qc2 Nxe2+ 16. Qxe2 Ba6 17. Qg4 Rc8 18. c5 Bxf1 19. Rxf1 Re8 20. Rd1 Bf8 21. Nf5 h5 22. Qg3 Kh7 23. Qf3 Qd7 24. Rxd5 Qb7 25. Nd6 Qb1+ 26. Rd1 Qxa2 27. Nxe8 Rxe8 28. c6 Rc8 29. Qd5 Qxa3 30. Qd7 Qa4 31. Rc1 Qg4 32. Qb7 a4 33. h3 Qe6 34. Qa6 a3 35. Qxa3 Rxc6 36. Rd1 Bg7 37. Qa4 Rd6 38. Rxd6 Qxd6 39. Qb3 Qf6 40. g3 h4 41. Kg2 hxg3 42. Kxg3 Qg5+ 43. Kf3 e6 0-1

[Event "TUR-chT"]
[Site "Denizli"]
[Date "2013.07.06"]
[Round "8.9"]
[White "Ozen, Bahadir"]
[Black "Saba, Zafer Rabin"]
[Result "1/2-1/2"]
[WhiteElo "1927"]
[BlackElo "1846"]
[PlyCount "86"]
[EventDate "2013.06.29"]
[EventType "team-tourn"]
[EventRounds "13"]
[EventCountry "TUR"]
[SourceTitle "CBM 155 Extra"]
[Source "ChessBase"]
[SourceDate "2013.08.26"]
[SourceVersion "1"]
[SourceVersionDate "2013.08.26"]
[SourceQuality "1"]
[WhiteTeam "Ezgi Kulubu"]
[BlackTeam "Pera Spor"]
[WhiteTeamCountry "TUR"]
[BlackTeamCountry "TUR"]

1. d4 Nf6 2. c4 g6 3. Nc3 d5 4. cxd5 Nxd5 5. e4 Nxc3 6. bxc3 Bg7 7. Bc4 c5 8. Ne2 Nc6 9. Be3 0-0 10. 0-0 Bg4 11. f3 cxd4 12. cxd4 Na5 13. Bd3 Be6 14. d5 Bxa1 15. Qxa1 f6 16. Bh6 Re8 17. Qd4 Bd7 18. Rb1 e5 19. Qf2 Qe7 20. f4 Rac8 21. fxe5 fxe5 22. Rf1 Rf8 23. Bxf8 Rxf8 24. Qxa7 Rxf1+ 25. Kxf1 Qf8+ 26. Kg1 Qa3 27. Qb8+ Kf7 28. Qc7 Qxd3 29. Qxd7+ Kf8 30. Qd6+ Kf7 31. Qe6+ Kf8 32. Qf6+ Kg8 33. Qd8+ Kf7 34. Qd7+ Kf8 35. Qd6+ Kf7 36. Qe6+ Kf8 37. Kf2 Nc4 38. Qf6+ Kg8 39. Qf3 Qb1 40. Qb3 Qxe4 41. Qxb7 Qh4+ 42. g3 Qxh2+ 43. Ke1 Qh1+ 1/2-1/2

[Event "TUR-ch"]
[Site "Antalya"]
[Date "2013.02.07"]
[Round "8"]
[White "Saba, Zafer Rabin"]
[Black "Gazioglu, Halit"]
[Result "1-0"]
[WhiteElo "1793"]
[BlackElo "1959"]
[PlyCount "123"]
[EventDate "2013.02.02"]
[EventType "swiss"]
[EventRounds "11"]
[EventCountry "TUR"]
[SourceTitle "CBM 152 Extra"]
[Source "ChessBase"]
[SourceDate "2013.02.25"]
[SourceVersion "1"]
[SourceVersionDate "2013.02.25"]
[SourceQuality "1"]

1. e4 e5 2. Nf3 Nc6 3. Bc4 Nf6 4. d3 Be7 5. c3 d6 6. Bb3 h6 7. 0-0 0-0 8. Re1 Na5 9. Bc2 c5 10. d4 Nc6 11. h3 Qc7 12. d5 Nb8 13. Nbd2 Re8 14. Nf1 Bf8 15. Ng3 g6 16. a4 c4 17. Qe2 b6 18. Be3 Nbd7 19. Nh2 Kh7 20. Ng4 Bg7 21. Qf3 Nxg4 22. Qxg4 Nc5 23. Qe2 Ba6 24. Bxc5 Qxc5 25. Nf1 Re7 26. Ne3 h5 27. h4 Bh6 28. g3 Rf8 29. Kg2 Qc8 30. Rf1 Rc7 31. Rae1 Qd7 32. Rh1 Kg7 33. Ref1 f6 34. Rhg1 Rf7 35. f4 exf4 36. gxf4 Kf8 37. Kh2 Rg7 38. e5 f5 39. e6 Qe7 40. Kh3 Qf6 41. Rg2 Bb7 42. Qf3 Rc5 43. Rg3 Ke8 44. Rd1 Kd8 45. Rd4 Ba6 46. Bxf5 gxf5 47. Rxg7 Bxg7 48. Qxh5 Rc7 49. Nxf5 Bf8 50. Qg5 Qxg5 51. hxg5 Rh7+ 52. Kg4 Rh2 53. Ng3 Rxb2 54. f5 Rc2 55. f6 Rxc3 56. g6 Rd3 57. Rxd3 cxd3 58. g7 Bxg7 59. fxg7 d2 60. g8Q+ Kc7 61. Qg7+ Kb8 62. Qd4 1-0

[Event "World School-ch U13 6th"]
[Site "Kayseri"]
[Date "2010.07.29"]
[Round "8"]
[White "Cuhendi, Sean Winshand"]
[Black "Saba, Zafer Rabin"]
[Result "1-0"]
[WhiteElo "1722"]
[BlackElo "1765"]
[PlyCount "83"]
[EventDate "2010.07.21"]
[EventType "swiss"]
[EventRounds "9"]
[EventCountry "TUR"]
[SourceTitle "CBM 137 Extra"]
[Source "ChessBase"]
[SourceDate "2010.09.01"]
[SourceVersion "1"]
[SourceVersionDate "2010.09.01"]
[SourceQuality "1"]

1. e4 e5 2. Nf3 Nc6 3. Bc4 Bc5 4. 0-0 Nf6 5. d3 d6 6. c3 0-0 7. Bg5 Bb6 8. Nbd2 Be6 9. Bb3 Bxb3 10. axb3 Re8 11. Nc4 Qe7 12. Nh4 Qe6 13. Qf3 Qg4 14. Bxf6 Qxf3 15. Nxf3 gxf6 16. Ne3 Ne7 17. Ra4 Bxe3 18. fxe3 f5 19. Nd2 fxe4 20. Nxe4 Red8 21. Nf6+ Kg7 22. Nxh7 Nd5 23. Ng5 b5 24. Rh4 Nxe3 25. Rf3 Kg6 26. Nh3 Nd5 27. Rg4+ Kh5 28. Rg7 Rg8 29. Rgxf7 Rg4 30. c4 bxc4 31. bxc4 Nf4 32. Nxf4+ Rxf4 33. R3xf4 exf4 34. Rxf4 Rb8 35. Rf5+ Kg4 36. Rb5 Re8 37. Rb7 Re2 38. Rxc7 Rxb2 39. Rxa7 Rb1+ 40. Kf2 Rb2+ 41. Ke3 Rxg2 42. Rg7+ 1-0